000 01055nam a2200301 i 4500
001 000023896
003 DO-SdBNP
005 20250820091106.0
007 ta
008 110117s1988 dr a r 000 0 spa d
040 _aDO-SdBNP
_bspa
_cBNPHU
_erda
041 _aspa
082 4 _a372.52
_bS218d
_222
100 1 _aSandoval y González, Héctor Antonio,
_936515
_eautor
_4aut.
245 1 0 _aDibujo fundamental :
_bpara tercer año de la educación media /
_cHéctor Antonio Sandoval y González, José Dolores Lara Precinal.
264 1 _aSanto Domngo :
_bAlfa y Omega,
_c1988.
300 _a165 páginas :
_bilustraciones ;
_c22 cm.
336 _atexto
_btxt
_2rdacontent
337 _asin mediación
_bn
_2rdamedia
338 _avolumen
_bnc
_2rdacarrier
504 _aBibliografía : páginas 161-
590 _aInventariado, 2023/BT
650 4 _aDibujo
_xEnseñanza
_949157
650 4 _aDibujo geométrico
_96895
700 1 _aLara Precinal, José Dolores,
_eautor
_4aut.
_936066
910 _aValidado. Control de calidad. EMS
942 _2ddc
_cLBS1
999 _c23392
_d23392